La Democracia y su cultura política /
El propósito de este artículo es reflexionar sobre la importancia y el sentido de la cultura política democrática, en su articulación con el régimen político que la genera y al que sirve de sostén. Este análisis arranca de una pregunta clave: ¿qué es lo que permite que los ciudadanos acepten los mec...
Salvato in:
| Autore principale: | |
|---|---|
| Altri autori: | |
| Natura: | testo |
| Soggetti: | |
| Tags: |
Aggiungi Tag
Nessun Tag, puoi essere il primo ad aggiungerne!!
|
MARC
| LEADER | 00000 a a2200000 04500 | ||
|---|---|---|---|
| 001 | 5174 | ||
| 003 | |||
| 040 | |||
| 100 | |a Berrocal, Elena | ||
| 245 | |a La Democracia y su cultura política / |c Elena Berroca | ||
| 520 | |a El propósito de este artículo es reflexionar sobre la importancia y el sentido de la cultura política democrática, en su articulación con el régimen político que la genera y al que sirve de sostén. Este análisis arranca de una pregunta clave: ¿qué es lo que permite que los ciudadanos acepten los mecanismos democráticos para la resolución de problemas?. La respuesta que se ensaya es doble: por un lado la confianza en las instituciones democráticas y, por el otro, el rechazo a las soluciones de fuerza para resolver los problemas de la sociedad. /MSD | ||
| 650 | |a CULTURA | ||
| 650 | |a POLITICA | ||
| 650 | |a PARTICIPACION POLITICA | ||
| 650 | |a DEMOCRACIA | ||
| 650 | |a INSTITUCIONES GUBERNAMENTALES | ||
| 650 | |a AUTORITARISMO | ||
| 650 | |a SOCIEDAD CIVIL | ||
| 700 | |a González, Luis Armando | ||
| 773 | |g volumen 55, número 619 -620; páginas 527-545 | ||
| 999 | |c 20677 |d 20677 | ||
